Normal view
MARC view
- Parallax
Entry Personal Name
001 - CONTROL NUMBER
- control field: 80753
003 - CONTROL NUMBER IDENTIFIER
- control field: NUST
005 - DATE AND TIME OF LATEST TRANSACTION
- control field: 20210628210731.0
008 - FIXED-LENGTH DATA ELEMENTS
- fixed length control field: 210628|| aca||aabn | a|a d
040 ## - CATALOGING SOURCE
- Original cataloging agency: NUST
- Transcribing agency: NUST
100 ## - HEADING--PERSONAL NAME
- Personal name: Parallax
670 ## - SOURCE DATA FOUND
- Source citation: Work cat.: (NUST): Parallax, Basic stamp programming manual version 2.0b, 2000
